000 00302nam a2200109Ia 4500
008 231120s2018 xx 000 0 und d
041 _aeng
100 _aGIOVANNI CIVARDI
245 _aDRAWING USING GRIDS : PORTRAITS OF BABIES & CHILDREN
260 _aSEARCH PRESS
_bSEARCH PRESS
_c2018
300 _aP-80
999 _c933435
_d933435